Cambridge English. First Result: teacher's pack

Bibliografiske detaljer
Hovedforfatter: Baker D. David
Andre forfattere: Forrest H. Helen
Summary:Cambridge: English First Result is fully updated to prepare students for success in the new 2015 exam. The contemporary topics, lively texts and vibrant design keep students motivated and the online practice and online practice test provide plenty of opportunities for further learning outside class. The Teacher’s Book includes unit tests, progress tests and a Speaking DVD showing students doing Speaking tests in exam-like conditions, which teachers can play to reassure their class about what to expect on exam day.
Sprog:engelsk
Udgivet: Oxford, Oxford University Press, 2018
Fag:
Format: MixedMaterials Bog
KOHA link:https://koha.lib.tpu.ru/cgi-bin/koha/opac-detail.pl?biblionumber=346300

MARC

LEADER 00000nam0a2200000 4500
001 346300
005 20231102005854.0
010 |a 9780194511872 
035 |a (RuTPU)RU\TPU\book\378180 
035 |a RU\TPU\book\378147 
035 |a RU\TPU\book\189183 
090 |a 346300 
100 |a 20210802d2018 m y0engy50 ba 
101 0 |a eng 
102 |a US 
105 |a a j 000zy 
200 1 |a Cambridge English. First Result  |e teacher's pack  |f D. Baker, H. Forrest 
210 |a Oxford  |c Oxford University Press  |d 2018 
215 |a 136 p.  |c il.  |e 1 CD-ROM 
330 |a Cambridge: English First Result is fully updated to prepare students for success in the new 2015 exam. The contemporary topics, lively texts and vibrant design keep students motivated and the online practice and online practice test provide plenty of opportunities for further learning outside class. The Teacher’s Book includes unit tests, progress tests and a Speaking DVD showing students doing Speaking tests in exam-like conditions, which teachers can play to reassure their class about what to expect on exam day. 
606 1 |a Английский язык  |x Содержание и методика преподавания языка в высшей школе  |2 stltpush  |3 (RuTPU)RU\TPU\subj\29068  |9 52480 
606 1 |a Английский язык  |x Учебные руководства и пособия  |x Учебные руководства и пособия для высшей школы  |2 stltpush  |3 (RuTPU)RU\TPU\subj\29071  |9 52483 
610 1 |a лексика 
610 1 |a грамматика 
610 1 |a разговорная речь 
610 1 |a упражнения 
610 1 |a сертификаты 
610 1 |a письменная речь 
610 1 |a аудирование 
610 1 |a методические пособия 
610 1 |a преподавание 
610 1 |a CD-ROM 
686 |a Ш143.21-91  |v LBC/SL-A  |2 rubbk 
686 |a Ш143.21-923  |v LBC/SL-A  |2 rubbk 
700 1 |a Baker  |b D.  |g David 
701 1 |a Forrest  |b H.  |g Helen 
801 1 |a RU  |b 63413507  |c 20210728 
801 2 |a RU  |b 63413507  |c 20211112  |g RCR 
942 |c BK